01183nam a22002177a 450000500170000000800410001704000120005804100080007004400070007809000140008524501950009926000870029430000370038150400500041865001080046865000910057665001020066794200130076999900150078295201680079720141126115250.0141126b2011 ck Il. |r|||| 00| 0 spa d cCO-BoIH aspa ack aEAb00163 aImplementación Técnica y Participativa del Plan de Restauración de las Áreas Afectadas por Incendios Forestales en el Páramo de Rabanal-Municipio de Samaca : bCartilla Informativa a[Boyacá?] :bCorporación Autónoma Regional de Boyacá-CORPOBOYACÁ,c2011. a17 pag.bIl., fot (col.)c28 cm. aIncluye referencias bibliográficas (pag 17) aPrevención de incendios forestales zPáramo Rabanal (Altiplano Cundiboyacense Dpt. Colombia)929172 aIncendios forestaleszPáramo Rabanal (Altiplano Cundiboyacense Dpt. Colombia)929173 aProtección del medio ambientezPáramo Rabanal (Altiplano Cundiboyacense Dpt. Colombia)929174 2zcLIBRO c8825d8825 00102z40708EDUAMBIENTIINV2017aVenadobVenadod2014-11-26eInstitutog39000.00l0oEA-00163p034896r2014-11-26 00:00:00tEj. 1w2014-11-26xDonaciónyLIBRO